| 000 | 00409cam a2200169ua 4500 | ||
|---|---|---|---|
| 020 | _cRs.10/- | ||
| 041 |
_ahin _h |
||
| 082 |
_a891.43 _bSUN/BH |
||
| 100 | _asunithikumar, . | ||
| 245 |
_aBharatiya Arya basha / _csanthikumar. _hTextual Documents |
||
| 260 |
_a : _bRajkamal prakashan , _c1963. |
||
| 300 | _a322 ; . | ||
| 365 | _aRs.10/- | ||
| 504 | _a | ||
| 942 | _cBK | ||
| 999 |
_c12181 _d12181 |
||